[Event "EICC 2017"]
[Site "Minsk"]
[Date "2017.06.01"]
[Round "3"]
[White "Areshchenko, Alexander"]
[Black "Ruck, Robert"]
[Result "1-0"]
[WhiteElo "2677"]
[BlackElo "2557"]
[Annotator "TA"]
[PlyCount "125"]
[EventDate "2017.??.??"]
[EventCountry "BLR"]
[SourceTitle "playchess.com"]
[Source "ChessBase"]
[SourceQuality "1"]

{[%evp 19,125,0,10,6,19,19,16,22,19,20,10,7,7,0,7,0,0,0,12,8,47,47,61,52,61,61,61,61,61,61,61,66,62,69,75,75,152,176,163,165,143,157,162,139,199,199,198,195,185,189,189,170,177,162,162,162,162,162,169,166,177,165,162,89,158,89,89,89,89,89,89,89,89,89,89,0,89,89,89,20,89,89,89,89,89,89,333,321,12838,12839,12839,12840,12834,12828,12843,12843,12843,12844,12844,12845,12845,12845,12846,12846,12847,12847,12848,12848]} 1. e4 c5 2. Nf3 d6 3. d4 cxd4 4. Nxd4 Nf6 5. Nc3 a6 6. Be2 e5 7. Nb3 Be7 8. Bg5 Be6 9. Bxf6 Bxf6 10. Qd3 Nc6 11. O-O-O {B92: Sicilian Najdorf: 6 Be2} Nd4 12. Nxd4 exd4 13. Nd5 {The position is equal.} Bxd5 14. exd5 O-O 15. Qf3 Re8 16. Bd3 Re5 (16... Qa5 $5 {[%cal Ra5a2]} 17. Qf5 Qxa2 18. Qxh7+ Kf8 19. Qh8+ Ke7 20. Rde1+ Be5 21. Qxg7 Qa1+ 22. Kd2 Qa5+ 23. Kd1 (23. b4 Qxb4+ 24. Kd1 Rg8 $11) 23... Qa1+ 24. Kd2 Qa5+ 25. Kd1 (25. b4 Qxb4+ 26. Kd1 Rg8 $11) 25... Qa1+ 26. Kd2 $11) 17. Kb1 Qa5 18. g4 {[%cal Bg2g4,Bg4g5][%mdl 32]} Rae8 (18... h5 $5) 19. h4 $146 Re1 20. g5 Bd8 21. a3 Qd2 22. Rdxe1 $40 {[%mdl 128] Black needs to defend precisely.} Rxe1+ 23. Ka2 g6 24. Rxe1 Qxe1 25. Qg4 Qe5 26. Qc8 Qe7 27. f4 h6 (27... Qc7 $142 28. Qh3 Qe7) 28. gxh6 $16 Kh7 29. h5 $1 Kxh6 30. hxg6 fxg6 31. f5 gxf5 (31... g5 $16 32. f6 Qxf6 33. Qxb7 Qe7) 32. Qxf5 $18 {[%csl Gd3][%cal Rf5g6]} Kg7 33. Qh7+ Kf8 34. Qh8+ Kf7 35. Bf5 Qf6 36. Qh5+ Kf8 37. Bc8 a5 38. Bxb7 d3 39. cxd3 Bb6 40. Qg4 Bd4 41. Qc8+ ({Better is} 41. b4 $1 $18) 41... Kg7 $16 42. Bc6 (42. b4 $142) 42... Qf2 {[%csl Gd4][%cal Rf2b2]} 43. Qc7+ Kg8 {[%csl Gd4][%cal Rf2b2]} 44. Qb8+ Kg7 45. Bd7 Be5 46. Be6 Kh6 47. Bd7 Kg7 $1 48. Ba4 Kh6 49. Bd1 ({White should play} 49. Qb5 $16) 49... Kg7 (49... Qd2 $1 $11 {keeps the balance.} 50. Qb3 Bxb2) 50. Qc7+ Kf8 {[%csl Ge5][%cal Rf2b2]} 51. Qb7 Kg8 52. Bg4 Bg7 $2 {[#]} (52... Kh8 $16 53. Be6 Bd4) 53. Qc8+ $1 $18 Qf8 $2 (53... Bf8 54. Be6+ Kg7) 54. Be6+ {White is clearly winning.} Kh7 55. Qxf8 Bxf8 {[%mdl 4096] Endgame KB-KB} 56. b4 axb4 {[#]} 57. a4 $1 {[%cal Ba3a4,Ba4a5,Ba5a6][%mdl 32]} Bh6 58. Kb3 Kg7 59. a5 Kf6 60. a6 Be3 61. Kxb4 Ke7 62. Kb5 Kd8 63. Kc6 {Precision: White = 75%, Black = 49%.} 1-0

[Event "EICC 2017"]
[Site "Minsk"]
[Date "2017.06.01"]
[Round "3"]
[White "Rakhmanov, Aleksandr"]
[Black "Grib, Roman"]
[Result "1-0"]
[WhiteElo "2676"]
[BlackElo "2415"]
[Annotator "TA"]
[PlyCount "85"]
[EventDate "2017.??.??"]
[EventCountry "BLR"]
[SourceTitle "playchess.com"]
[Source "ChessBase"]
[SourceQuality "1"]

{[%evp 9,85,0,15,-7,0,0,0,0,0,0,0,-21,-19,-14,-2,-14,-4,-12,-16,-7,-15,-25,20,27,25,0,0,0,0,0,16,0,0,0,0,0,14,0,0,0,57,53,40,12,39,32,43,33,214,212,211,189,292,291,277,276,425,436,422,420,391,380,391,291,1770,2145,1416,1312,12824,1618,12834,12835,12837,12836,12837,10658,12362,6142]} 1. c4 Nf6 2. Nc3 e6 3. e4 d5 4. exd5 exd5 5. d4 Nc6 {LiveBook: 45 Games} 6. Be3 {C01: French: Exchange Variation} (6. Nf3 Be7 7. cxd5 Nb4 8. Bb5+ Bd7 9. Bc4 Bf5 10. Bb5+ c6 11. dxc6 bxc6 12. Ba4 Nd3+ 13. Kf1 Ng4 14. Bxc6+ {0-1 (30) Abarca Gonzalez,N (2426)-Rodriguez Vila,A (2478) Caba 2017}) 6... Be6 7. cxd5 Nxd5 8. Nf3 {The position is equal.} Bb4 9. Qc2 Qd6 $146 ({Predecessor:} 9... Qd7 10. Bb5 Bf5 11. Qd2 f6 12. O-O Be4 13. Bf4 Bxf3 {0-1 (38) Nahed,Y (1970)-Buscara,S (1440) France 2004}) 10. a3 Bxc3+ 11. bxc3 {[%cal Bb2c3,Bc3c4][%mdl 32]} Bg4 12. Qe4+ Qe6 13. Qxe6+ fxe6 14. c4 Bxf3 15. gxf3 Nxe3 16. fxe3 e5 17. dxe5 Nxe5 18. f4 Nd7 19. Rd1 Rd8 20. Bd3 Nc5 21. Bc2 Rxd1+ 22. Kxd1 $11 {[%mdl 4096] Endgame KRB-KRN} O-O 23. Rg1 Rf6 24. Rg5 Nd7 ({Better is} 24... b6 $11) 25. Ra5 $14 a6 26. Rh5 (26. Rd5 $5 {[%cal Rd5d7]} Rd6 27. Ke2 $14) 26... h6 (26... g6 $5 {[%cal Rg6h5]} 27. Rd5 Rf7 $11) 27. Rd5 Rd6 28. Ke2 Nb6 $2 {[#]} (28... Kf7 $14) 29. Rxd6 $18 cxd6 {KB-KN} 30. Be4 Kf8 (30... Na4 $142 31. Bxb7 Nc5) 31. Bxb7 a5 32. Kd3 g5 (32... Nd7 {is a better defense.}) 33. fxg5 hxg5 34. Bc6 Nc8 35. Kd4 Ke7 36. h3 Kd8 $2 {[#]} (36... Kf7 37. Bb7 Ne7) 37. Ke4 {White is clearly winning.} Ne7 38. Bd5 Kc7 39. Be6 (39. Kf3 $142 Ng6 40. Kg4 Ne5+ 41. Kxg5) 39... a4 40. Kf3 Ng6 41. Kg4 Ne5+ 42. Kxg5 Nf3+ 43. Kf6 {Precision: White = 68%, Black = 44%.} 1-0

[Event "EICC 2017"]
[Site "Minsk"]
[Date "2017.06.01"]
[Round "3"]
[White "Safarli, Eltaj"]
[Black "Vega Gutierrez, Sabrina"]
[Result "1/2-1/2"]
[WhiteElo "2668"]
[BlackElo "2413"]
[Annotator "TA"]
[PlyCount "59"]
[EventDate "2017.??.??"]
[EventCountry "BLR"]
[SourceTitle "playchess.com"]
[Source "ChessBase"]
[SourceQuality "1"]

{[%evp 16,59,25,0,14,0,7,-16,18,-3,-10,-18,-19,-9,9,0,37,49,27,45,52,69,85,57,57,46,40,43,64,56,58,48,56,57,58,55,81,81,54,69,61,0,77,0,54,0]} 1. e4 c5 2. Nf3 e6 {[%cal Be7e6,Be6d5,Bd5d4][%mdl 32]} 3. d4 cxd4 4. Nxd4 Nc6 5. Nc3 Nf6 6. g3 d5 7. exd5 exd5 8. Bg2 Bg4 9. Qd3 {LiveBook: 13 Games} Bc5 {B24: Closed Sicilian: 3 g3 sidelines} 10. Nb3 (10. Qe3+ Ne7 11. O-O O-O 12. Qd3 h6 13. Be3 Rc8 14. Rfe1 a6 15. a3 Ng6 16. f4 Qd7 17. Nb3 Bxe3+ 18. Rxe3 {½-½ (59) Narciso Dublan,M (2538)-Ni,H (2653) Montcada 2014}) 10... Qe7+ 11. Kf1 $146 ({Predecessor:} 11. Be3 Nb4 12. Qb5+ Nd7 13. O-O Bxe3 14. Rae1 Nxc2 15. Nxd5 Qe5 16. Qc4 Nxe1 17. Rxe1 {½-½ (42) Jurkovic,H (2240)-Nisipeanu,L (2395) Stockerau 1993}) 11... d4 {The position is equal.} 12. Nxc5 Qxc5 13. Qb5 Qxb5+ 14. Nxb5 Rd8 15. h3 Bf5 16. Bf4 $36 {[%mdl 2048] White has the initiative.} O-O 17. Nd6 $1 {[%cal Rd6f5]} Bxc2 18. Nxb7 Rd5 19. Bxd5 Nxd5 20. Nc5 Nxf4 21. gxf4 Rb8 22. Nb3 a5 23. Ke2 a4 24. Nc5 $1 Rxb2 {[#] Threatens to win with ...Be4+.} 25. Nd3 Bxd3+ $1 26. Kxd3 {aiming for Rab1.} Rxf2 27. Rhf1 Rh2 28. Rh1 {[%mdl 1024] White has compensation.} Rf2 29. Rhf1 Rh2 30. Rh1 {Precision: White = 68%, Black = 68%.} (30. Rf3 $14) 1/2-1/2

[Event "EICC 2017"]
[Site "Minsk"]
[Date "2017.06.01"]
[Round "3"]
[White "Motylev, Alexander"]
[Black "Baron, Tal"]
[Result "1/2-1/2"]
[WhiteElo "2665"]
[BlackElo "2540"]
[Annotator "TA"]
[PlyCount "211"]
[EventDate "2017.??.??"]
[EventCountry "BLR"]
[SourceTitle "playchess.com"]
[Source "ChessBase"]
[SourceQuality "1"]

{[%evp 14,211,14,32,21,0,11,18,8,2,0,0,17,0,23,-1,0,-31,-43,-34,-36,-36,-28,-30,-23,-27,-29,-313,-28,-39,56,56,66,73,66,81,72,13,13,13,13,13,13,13,35,35,35,31,31,13,24,24,24,0,0,0,24,24,24,25,31,13,13,0,31,31,31,31,31,31,34,0,0,0,34,45,64,64,64,38,38,38,38,38,38,38,38,38,38,38,38,38,38,38,38,38,38,8,8,8,8,8,8,8,8,8,8,8,8,8,8,8,8,16,22,16,23,23,23,23,102,102,1286,23,23,23,1243,23,102,23,23,23,23,24,24,24,24,24,102,24,24,24,102,102,102,102,102,102,102,102,102,24,24,0,24,24,102,24,102,24,37,0,0,16,102,102,102,102,102,102,102,102,102,102,102,102,102,102,102,102,102,102,102,102,102,102,102,102,102,102,102,0,0,0,0,0,0,0,0,0]} 1. e4 c5 2. Nf3 Nc6 3. Bb5 g6 4. Bxc6 bxc6 5. O-O Bg7 6. Re1 Nh6 7. h3 {B31: Sicilian: 2...Nc6 3 Bb5 g6} O-O 8. c3 {LiveBook: 120 Games} f5 9. e5 Nf7 10. d4 cxd4 11. cxd4 c5 12. dxc5 Bb7 13. Bf4 Qa5 14. Nc3 Qxc5 15. Qxd7 Bxf3 $1 16. gxf3 {[#]} Rfd8 $146 17. Qe6 Rab8 18. Rad1 Rxd1 19. Rxd1 Rxb2 20. Rd8+ $1 Bf8 21. Nd1 Qb6 (21... Rb1 $15 22. Kg2 Qa5) 22. Rxf8+ $1 $14 Kxf8 23. Qc8+ Kg7 24. Nxb2 Qxb2 25. Qc5 (25. Qd7 $1 $16 {[%cal Rd7e7]} Qb4 26. Be3) 25... g5 $11 26. Qxe7 gxf4 27. e6 Qf6 28. Qd7 Kf8 (28... Kg6 {is more complex.} 29. Qe8 Qg7 30. Kh2 Kf6 31. exf7 Qxf7 32. Qc6+ Kg5) 29. exf7 Qxf7 $14 {[%mdl 4096] Endgame KQ-KQ} 30. Qd8+ Kg7 31. a4 Qg6+ 32. Kh1 Qa6 33. Qg5+ Kh8 {Black wants to play ...Qf1+.} 34. Qd8+ Kg7 35. Qd4+ Kf7 36. Qd7+ Kg8 37. Qd5+ Kg7 38. Qd4+ Kf7 39. Kg2 Qg6+ 40. Kh2 Qb6 41. Qd7+ Kg8 42. Kg2 Qg6+ 43. Kh2 Qb6 44. Qd2 a5 45. Kg2 Qb4 46. Qd7 h6 {[%cal Bh7h6,Bh6h5][%mdl 32]} 47. h4 ({Don't play} 47. Qxf5 $6 Qxa4 48. Qg6+ Kh8 $16) 47... h5 $1 48. Kh3 Qe1 {[%cal Re1h1]} 49. Qd5+ Kg7 {[%cal Re1h1]} 50. Qd4+ Kf7 {[%cal Re1h1]} 51. Qc4+ Ke7 {[%cal Re1h1]} 52. Qc7+ Kf6 {[%cal Re1h1]} 53. Qd6+ Kf7 {[%cal Re1h1]} 54. Kg2 Qb4 55. Qxb4 axb4 {KP-KP} 56. a5 b3 $132 {[%mdl 2048] Black is fighting back} 57. a6 b2 58. a7 b1=Q {( -> ...Qa1)} 59. a8=Q $11 {aiming for Qd5+. KQ-KQ} Qb6 60. Qd5+ Qe6 61. Qd4 (61. Qd1 {is interesting.} Qg6+ 62. Kh2 Qc6 63. Qd3 Kg6 64. Qe2) 61... Qg6+ 62. Kh2 Ke6 (62... Qf6 $5 {[%cal Rf6d4]} 63. Qxf4 Kg6 $16) 63. Qxf4 Kd5 64. Qd2+ Ke5 65. Qe3+ Kd5 66. Qd3+ Kc5 (66... Ke5 $11) 67. Kh3 $1 $16 Qf6 $2 {[%mdl 8192]} (67... Qe6 $16) 68. Qc2+ $2 (68. Qe3+ $18 Kb4 69. Qe1+ Kc4 70. Qe8) 68... Kd5 69. Qb3+ Kc5 $2 {[%mdl 8192]} (69... Kd6 $11) 70. Qa4 $2 (70. Qg8 $18 Qe5 71. Qg5) 70... Qg6 (70... Qe6 $1 $11 {keeps the balance.}) 71. Qf4 (71. Qd7 $16) 71... Kd5 $1 $11 72. Qg5 Qf7 73. Kg3 Qc7+ 74. Kg2 Qf7 75. Qd2+ Kc6 (75... Ke6 $11) 76. Qc3+ (76. Kg3 $16) 76... Kd6 77. Qd4+ Kc6 (77... Ke6 $1 $11) 78. Kg3 Qc7+ 79. Qf4 Qg7+ 80. Qg5 Qc7+ 81. Kg2 {Qc1+ is the strong threat.} Qf7 82. Qc1+ ({White should play} 82. Qd8 $16) 82... Kd5 83. Qc3 {Qb3+ would kill now.} Kd6 84. Qb4+ Kc6 {[#]} (84... Ke6 $11) 85. Qa4+ (85. Qd4 $1 $16) 85... Kc5 {[#]} (85... Kd6 $11) 86. Qf4 (86. Qa6 $1 $16) 86... Kd5 $1 87. Qb8 {Intending Qb3+ and mate.} Qg6+ 88. Kh1 Kc4 (88... Qf6 $11 {remains equal.}) 89. Qe5 $16 Qf7 90. Kg2 f4 91. Kf1 Kd3 92. Qb2 Qc4 93. Qf6 Kd2+ 94. Kg2 {Threatens to win with Qd8+.} Qg8+ 95. Qg5 Qf7 96. Qa5+ Ke2 97. Qe5+ Kd2 98. Qd4+ Kc2 99. Kf1 Kb3 100. Qd3+ Kb2 101. Qd6 Qc4+ 102. Ke1 (102. Kg2 $16 {Black must now prevent Qe5+.} Qg8+ 103. Kh2) 102... Qc1+ $11 {The position is equal.} 103. Ke2 {And now Qb4+ would win.} Qc4+ 104. Ke1 Qc1+ 105. Ke2 {Hoping for Qb4+.} Qc4+ 106. Ke1 {Precision: White = 54%, Black = 57%.} (106. Qd3 $5 {[%cal Rd3c4]} Qc2+ 107. Qxc2+ Kxc2 108. Ke1 $11) 1/2-1/2

[Event "EICC 2017"]
[Site "Minsk"]
[Date "2017.06.01"]
[Round "3"]
[White "Anton Guijarro, David"]
[Black "Azarov, Sergei"]
[Result "0-1"]
[WhiteElo "2660"]
[BlackElo "2582"]
[Annotator "TA"]
[PlyCount "82"]
[EventDate "2017.??.??"]
[EventCountry "BLR"]
[SourceTitle "playchess.com"]
[Source "ChessBase"]
[SourceQuality "1"]

{[%evp 21,82,16,21,11,4,4,11,1,24,0,0,-26,0,10,19,0,27,0,0,0,0,-126,-118,-209,-202,-201,-200,-207,-190,-181,-196,-196,-181,-233,-245,-216,-223,-244,-230,-236,-255,-250,-252,-450,-450,-442,-437,-941,-393,-564,-575,-6315,-6007,-2229,-1720,-29989,-29990,-29996,-816,-671,0,-29996,-124]} 1. e4 e5 2. Nf3 Nc6 3. Bc4 Bc5 4. c3 Nf6 5. d3 d6 6. O-O a6 7. Bb3 Ba7 8. Nbd2 O-O 9. h3 h6 10. Re1 Be6 11. Bc2 Re8 12. Nf1 {C54: Giuoco Piano: 4 c3 Nf6, main lines with 5 d4 and 5 d3} d5 13. exd5 Bxd5 14. Ng3 {The position is equal.} Qd6 15. Qe2 Rad8 {[#]} 16. b4 $146 ({Predecessor:} 16. Ne4 Qe6 17. Nfd2 Nd7 18. Qh5 Ne7 19. Ng3 Qg6 20. Qxg6 Nxg6 {0-1 (40) Bologan,V (2688)-Efimenko,Z (2654) Kragujevac 2009}) 16... b5 {White should prevent ...e4.} 17. Nh4 Bb6 18. a4 Qd7 19. axb5 (19. Ra3 {feels hotter.} Be6 20. Qf3 Bd5 21. Ne4 Nxe4 22. dxe4 Bc4 23. Nf5) 19... axb5 20. Nhf5 Ne7 $36 {[%mdl 2048] Black has good play.} 21. Nxg7 (21. Nxe7+ $11 Rxe7 22. c4) 21... Kxg7 $17 22. Bxh6+ (22. d4 $17 {was necessary.} Ng6 23. Bxh6+ Kxh6 24. Nf5+ Kh7 25. Qd2) 22... Kxh6 $19 23. Qd2+ Kg7 24. Qg5+ {[#]} Ng6 $1 ({Stronger than} 24... Kf8 25. Qh6+ Kg8 26. Qxf6 $16) 25. Nf5+ {[#]} Qxf5 $1 {[%mdl 512]} 26. Qxf5 {White wants to play Qg5.} Bxg2 $1 27. c4 (27. d4 {was worth a try.} exd4 28. Rxe8 Rxe8 29. cxd4) 27... Bd4 28. Ra6 {[#]} Rd6 $1 {[%cal Rd6a6]} 29. cxb5 Rh8 30. Re3 Bb7 31. Rxd6 cxd6 32. Rf3 $2 (32. Bd1 {is the only way for White.}) 32... Bxf3 33. Qxf3 Nf4 34. Qc6 (34. Kh2 $142) 34... Rb8 (34... d5 $142 35. Kf1 Rxh3) 35. Qxd6 (35. Kf1 $142) 35... Rc8 36. Bb3 Rc1+ 37. Kh2 Rf1 38. Qc7 Rxf2+ 39. Kg3 Rg2+ (39... Ne2+ $142 40. Kh4 Rf4+ 41. Kg5 Nh7+ 42. Kh5 Ng3#) 40. Kf3 Rf2+ (40... Kh6 $19 41. Qc1 Rh2) 41. Kg3 Ne2+ {Precision: White = 30%, Black = 62%.} 0-1

[Event "EICC 2017"]
[Site "Minsk"]
[Date "2017.06.01"]
[Round "3"]
[White "Riazantsev, Alexander"]
[Black "Blomqvist, Erik"]
[Result "1-0"]
[WhiteElo "2659"]
[BlackElo "2546"]
[Annotator "TA"]
[PlyCount "51"]
[EventDate "2017.??.??"]
[EventCountry "BLR"]
[SourceTitle "playchess.com"]
[Source "ChessBase"]
[SourceQuality "1"]

{[%evp 9,51,0,3,0,0,6,0,0,0,0,0,0,0,0,0,-174,0,0,0,0,0,0,0,0,0,0,0,0,0,0,243,243,328,326,292,302,545,547,547,539,524,502,29973,559]} 1. d4 d5 2. c4 c6 3. cxd5 cxd5 4. Bg5 (4. Bf4 Nc6 5. e3 Bf5 6. Nc3 e6 7. Qb3 Bb4 8. Bb5 Bxc3+ 9. Qxc3 Nge7 10. Nf3 Rc8 11. O-O O-O 12. Qa3 Qb6 {½-½ (30) Vidit,S (2670)-Jobava,B (2712) Reykjavik 2017}) 4... f6 5. Bd2 $146 ({Predecessor:} 5. Bh4 Nc6 6. Nf3 Nh6 7. e3 g5 8. Bg3 Nf5 9. Bb5 h5 10. h3 Bh6 11. Bh2 Kf7 {0-1 (11) Guler,B (1788)-Bester,B (2329) ICCF email 2008}) 5... Nc6 6. Nc3 {D10: Slav Defence: 3 cxd5 (without early Nf3) and 3 Nc3} e5 7. e4 Nxd4 8. Nge2 {The position is equal.} Nxe2 9. Bxe2 Ne7 10. Qb3 {[%cal Rc3d5]} d4 11. Bc4 dxc3 12. Bf7+ Kd7 13. O-O-O $1 ({Avoid the trap} 13. Qxc3 $2 Nc6 $19) ({But not} 13. Bxc3 $2 Qb6 $19) 13... cxd2+ 14. Rxd2+ Kc7 {[#] aiming for ...Bd7.} 15. Rxd8 Kxd8 16. Rd1+ Kc7 17. Be8 Bg4 18. Qc4+ $40 {[%mdl 128] White attacks.} Nc6 19. Bxc6 Bxd1 $2 (19... bxc6 $11 {and Black stays safe.} 20. Qf7+ Kb6) 20. Bd5+ $18 Kd8 {[#] ...Rc8 is the strong threat.} 21. Bxb7 ({Weaker is} 21. Kxd1 Rc8 $16) 21... Rb8 22. Qd5+ Kc7 $2 (22... Ke7) 23. Qc6+ Kd8 {White must now prevent ...Ba4!} 24. Kxd1 Bb4 {and the idea ...Re8 leaves Black hopeful.} 25. a3 Ba5 (25... Be7 $18 26. Ba6 g5) 26. Qd6+ {Precision: White = 100%, Black = 50%.} 1-0

[Event "EICC 2017"]
[Site "Minsk"]
[Date "2017.06.01"]
[Round "3"]
[White "Kovalenko, Igor"]
[Black "Mastrovasilis, Dimitrios"]
[Result "1/2-1/2"]
[WhiteElo "2657"]
[BlackElo "2580"]
[Annotator "TA"]
[PlyCount "120"]
[EventDate "2017.??.??"]
[EventCountry "BLR"]
[SourceTitle "playchess.com"]
[Source "ChessBase"]
[SourceQuality "1"]

{[%evp 9,120,27,31,23,29,29,20,20,18,14,23,31,39,39,39,36,41,32,50,59,52,-22,-24,-24,-22,-46,-33,-44,0,0,0,-56,-22,-92,-45,-101,-67,-102,-56,-54,-52,-53,-43,-122,-138,-141,-122,-163,-155,-170,-160,-220,-212,-178,-145,-226,-204,-189,-177,-261,-254,-366,-295,-370,-211,-183,-145,-134,0,-125,-123,-121,-97,-106,-103,-156,-158,-165,-165,-177,-177,-229,-229,-229,-229,-244,-237,-268,-268,-268,-268,-279,-112,-119,0,0,0,0,0,-199,0,0,0,0,0,0,0,0,0,0,0,0,0]} 1. c4 c6 2. Nf3 d5 3. e3 Bf5 4. cxd5 cxd5 5. Nc3 e6 6. Bb5+ {A11: English Opening: 1...c6} Nc6 7. Qa4 Nge7 8. Nd4 Qd7 9. b3 Rc8 10. Ba3 a6 11. Bxc6 $1 Nxc6 12. Bxf8 $146 ({Predecessor:} 12. Nxf5 exf5 13. Bxf8 Kxf8 {1-0 (56) Bocharov,D (2577)-Sakaev,K (2594) St Petersburg 2015}) 12... Kxf8 13. O-O h5 14. Rfc1 Rh6 15. Qa3+ (15. Nxc6 $14 Rxc6 16. Qf4) 15... Kg8 $11 16. Nxf5 exf5 17. Ne2 d4 18. h3 dxe3 19. dxe3 Rd6 20. Nf4 (20. Nd4 $11) 20... g6 21. Rc4 (21. b4 $11) 21... Rd8 ({Worse is} 21... g5 22. Nxh5 f6 23. Ng3 $16) 22. Rac1 (22. Qb2 $15) 22... Rd1+ 23. Kh2 $1 Rxc1 24. Qxc1 Qd2 25. Qc2 $1 h4 26. a3 ({White should play} 26. Rc3 $15) 26... Na5 $36 {[%mdl 2048] Black has strong initiative.} 27. Qxd2 Rxd2 {[%mdl 4096] Endgame KRN-KRN} 28. Rc3 Rxf2 29. Nd3 {[#]} Ra2 $1 30. b4 (30. a4 $17) 30... Nc6 $19 31. Kg1 Na7 32. Rc7 (32. Nc5 $17 {was called for.}) 32... Nb5 ({Don't play} 32... Rxa3 33. Ne5) 33. Rxb7 Rxa3 34. Rd7 (34. Nc5 $142) 34... Nc3 35. Ne5 (35. Nc5 $142) 35... Ne4 {( -> ...Ra1+)} 36. Kf1 Ng5 (36... Ng3+ $142 37. Kf2 Ra1) 37. Ke2 Ra2+ 38. Rd2 Ra3 (38... Ra4 $17 39. Rb2 Kg7) 39. Nf3 (39. Rd7 $11) 39... Nxf3 40. Kxf3 $17 {KR-KR} Ra4 41. Rd4 Kg7 42. Rxh4 ({Better is} 42. g3) 42... a5 {[%cal Ba6a5,Ba5a4,Ba4a3][%mdl 32]} 43. Rd4 Rxb4 44. Rd5 {[#]} Ra4 $1 45. Rd6 (45. Rd1 $142) 45... Ra1 $19 46. Ra6 a4 47. e4 fxe4+ 48. Kxe4 a3 49. Kf4 Kh6 50. Kg4 Ra2 (50... a2 $19 51. Kh4 f5) 51. Kg3 $17 Kg5 (51... Kh7 $17 {Strongly threatening ...Ra1.} 52. Ra7 Kg7) 52. h4+ $11 Kh6 53. Kh3 Ra1 54. g3 $2 (54. g4 $11 {and White stays safe.}) 54... f5 $2 (54... a2 $19 55. Kg2 Kg7) 55. Ra7 {The position is equal.} a2 {Threatens to win with ...Rh1+.} 56. Kg2 Kh5 (56... f4 $5 57. gxf4 Kh5 $17) 57. Ra4 Kh6 {aiming for ...Kg7.} 58. Ra7 $1 g5 (58... f4 $5 59. gxf4 Kh5 $15) 59. hxg5+ Kxg5 {White must now prevent ...Kf6.} 60. Ra6 Kh5 {Precision: White = 61%, Black = 57%.} 1/2-1/2

[Event "EICC 2017"]
[Site "Minsk"]
[Date "2017.06.01"]
[Round "3"]
[White "Jones, Gawain C B"]
[Black "Bocharov, Dmitry"]
[Result "0-1"]
[WhiteElo "2654"]
[BlackElo "2574"]
[Annotator "TA"]
[PlyCount "120"]
[EventDate "2017.??.??"]
[EventCountry "BLR"]
[SourceTitle "playchess.com"]
[Source "ChessBase"]
[SourceQuality "1"]

{[%evp 21,120,23,33,0,0,0,7,-29,-27,-45,-28,-45,-35,-29,-30,-34,-28,-28,-31,-47,-15,-21,-16,-84,-78,-79,-89,-65,-68,-86,-77,-77,-98,-96,-74,-66,-109,-93,-94,-229,-218,-234,-214,-228,-210,-210,-244,-241,-280,-418,-438,-414,-408,-821,-727,-631,-366,-4104,-4104,-2962,-2479,-2200,-1866,-1866,-1752,-2460,-2130,-1361,-911,-941,-937,-877,-816,-836,-832,-1391,-1335,-1205,-1083,-12076,-10808,-6297,-6183,-29971,-29973,-29973,-29974,-29972,-29975,-29972,-4134,-1651,0,-29970,-29976,-29976,-29977,-29977,-29978,-29978,-29979]} 1. d4 Nf6 2. c4 e6 3. Nc3 Bb4 4. e3 O-O 5. Bd3 d5 6. Nf3 b6 7. O-O Ba6 {E52: Nimzo-Indian: Rubinstein: 4...0-0 5 Nf3 d5 6 Bd3 b6} 8. cxd5 exd5 9. Bxa6 Nxa6 10. Bd2 Re8 11. Rc1 Bf8 {LiveBook: 4 Games} 12. Nb5 $146 ({Predecessor:} 12. Ne5 c5 13. Be1 Nc7 14. f4 Ne6 15. Bh4 cxd4 16. exd4 Nxd4 17. Bxf6 gxf6 {1-0 (26) Wojtaszek,R (2727)-Harikrishna,P (2753) Huaian 2016}) 12... c5 13. b3 Qd7 14. Ne5 Qb7 ({Inferior is} 14... Qxb5 15. a4 $16) 15. Bc3 Ne4 16. Bb2 Rac8 17. Qe2 Nb4 18. a3 Nc6 19. Nxc6 Rxc6 20. Rfd1 Rec8 21. f3 Nf6 22. Qd3 (22. dxc5 $11 {keeps the balance.} bxc5 23. Bxf6 Rxf6 24. Nc3) 22... a6 23. Nc3 c4 $36 {[%mdl 2048] White is under strong pressure.} 24. bxc4 Rxc4 25. Kh1 b5 26. e4 g6 27. e5 Nh5 {[%cal Bf6h5,Bh5f4,Bf4e2,Be2c3][%mdl 32]} 28. Ne2 Bh6 29. Rb1 Qd7 30. g4 (30. g3 $17 {was necessary.}) 30... Nf4 $19 31. Qe3 Nxe2 32. Qxh6 {[#]} Nc3 $1 {[%cal Rc3d1]} 33. Bxc3 Rxc3 34. Qf4 Rxa3 35. Ra1 (35. Rdc1 $142) 35... Rxa1 36. Rxa1 {[%mdl 4096] Endgame KQR-KQR} b4 {[%cal Bb5b4,Bb4b3,Bb3b2][%mdl 32]} 37. Rxa6 (37. Qe3 $142 Rc3 38. Qf4) 37... Qb5 {[%cal Rb5f1]} 38. Ra1 b3 {Strongly threatening ...b2.} 39. Qe3 $2 (39. e6 fxe6 40. Qe3) 39... b2 40. Rb1 Qc4 41. Rxb2 Qf1+ 42. Qg1 Qxf3+ 43. Rg2 Rc2 44. h4 Rd2 45. Kh2 {[#]} Qxg4 $1 {[%cal Rg4h4][%mdl 512]} 46. Rxd2 Qxh4+ 47. Kg2 Qg5+ 48. Kh1 Qxd2 {KQ-KQ} 49. Qa1 Kg7 50. Qa7 h5 {[%cal Bh7h5,Bh5h4][%mdl 32]} 51. Qc5 Qe1+ 52. Kh2 Qf2+ 53. Kh1 Qf3+ 54. Kg1 h4 55. Qe7 Qg3+ (55... h3 $142 56. Qg5 {[#]} Qg2+ $1 {[%mdl 512]} 57. Qxg2 hxg2 58. Kxg2 f6 59. Kg3 fxe5 60. dxe5 Kf7 61. Kg4 Ke6 62. Kg3 Kxe5 63. Kf3 d4 64. Ke2 Ke4 65. Kd1 g5 66. Ke1 d3 67. Kf2 g4 68. Kf1 g3 69. Ke1 g2 70. Kf2 d2 71. Ke2 g1=Q 72. Kxd2 Qc5 73. Ke2 Qc2+ 74. Kf1 Kf3 75. Kg1 Qg2#) 56. Kf1 Qf3+ (56... Qd3+ $19 57. Kg2 Qxd4 58. Qf6+ Kg8) 57. Kg1 h3 {[%csl Gh3][%cal Rf3g2] Black mates.} 58. Qg5 {[#]} Qg2+ $1 59. Qxg2 hxg2 60. Kxg2 f6 {Precision: White = 39%, Black = 83%.} 0-1

[Event "EICC 2017"]
[Site "Minsk"]
[Date "2017.06.01"]
[Round "3"]
[White "Kravtsiv, Martyn"]
[Black "Ladva, Ottomar"]
[Result "1/2-1/2"]
[WhiteElo "2653"]
[BlackElo "2530"]
[Annotator "TA"]
[PlyCount "42"]
[EventDate "2017.??.??"]
[EventCountry "BLR"]
[SourceTitle "playchess.com"]
[Source "ChessBase"]
[SourceQuality "1"]

{[%evp 20,33,0,0,0,0,0,0,0,0,23,0,0,0,0,12]} 1. e4 e5 2. Nf3 Nf6 3. Nxe5 d6 4. Nf3 Nxe4 5. d4 d5 6. Bd3 Nc6 7. O-O Be7 8. c4 Nb4 9. cxd5 Nxd3 10. Qxd3 Qxd5 11. Re1 {[%cal Bf1e1,Be1e7,Be7g7][%mdl 32]} Bf5 {[#] C42: Petroff Defence: 3 Nxe5 and unusual White 3rd moves} 12. g4 $1 {[%mdl 512]} Bg6 {...0-0-0 is the strong threat.} (12... Bxg4 13. Rxe4) 13. Nc3 (13. Qc3 f6 14. Qxc7 O-O {½-½ (14) Wei,Y (2709)-Wang,Y (2737) Shenzhen 2016}) 13... Nxc3 14. Qxc3 f6 $1 15. Qxc7 {[%csl Ge1][%cal Rc7e7]} O-O 16. Rxe7 Qxf3 17. Rxg7+ {Predecessor:} Kh8 $146 18. Bh6 Qxg4+ 19. Qg3 Qxd4 20. Rxg6 hxg6 21. Bxf8 Rxf8 {½-½ (31) Xu,X (2467)-Li,D (2434) Zadar 2016} 1/2-1/2